| 000 | 00495nam a22001697a 4500 | ||
|---|---|---|---|
| 005 | 20260311123054.0 | ||
| 008 | 260311b |||||||| |||| 00| 0 eng d | ||
| 040 | _cFLL | ||
| 041 |
_2eng _aeng |
||
| 084 | _aZ2,853 J8;K1 | ||
| 100 |
_aBindra, N.S _9753117 |
||
| 245 |
_aPleading & Practice _bWith an exhaustive treatment of the subject With Model forms covring all branches of law |
||
| 250 | _a2nd. | ||
| 260 |
_aLaw Publish _bAllahabad _c1961 |
||
| 300 | _axlviii,1116p | ||
| 942 |
_2CC _cTB |
||
| 999 |
_c1715109 _d1715109 |
||